000 00640nam a2200217Ia 4500
003 GCL
008 140319s9999 xx 000 0 ara d
040 _aGCL /
_cGCL
082 0 4 _a371
_bهـ ت
100 1 _aابوالفتوح رضوان
245 1 0 _aالتفاهم الدولى فى المدرسة /
_cابوالفتوح رضوان
700 1 _aنجيب يوسف بدوى
700 1 _aهيئة اليونسكو
300 _a107 ص
490 _aالالف كتاب
_v0
650 0 4 _aالتربية
650 0 4 _aالتدريس
650 0 4 _aالمدارس
650 0 4 _aالمدارس وتعريفاته
942 _2ddc
_cBK
999 _c42831
_d42831